Access control (Record no. 79014)

MARC details
000 -LEADER
fixed length control field 01013cab a22002055a 4500
001 - CONTROL NUMBER
control field L138850
008 - FIXED-LENGTH DATA ELEMENTS--GENERAL INFORMATION
fixed length control field 070717s2007 xxkd f 000 0 eng d
035 ## - SYSTEM CONTROL NUMBER
System control number (Sirsi) u138850
041 0# - LANGUAGE CODE
Language code of text/sound track or separate title eng
110 2# - MAIN ENTRY--CORPORATE NAME
Corporate name or jurisdiction name as entry element Davis Langdon Mott Green Wall
9 (RLIN) 4650
245 00 - TITLE STATEMENT
Title Access control
260 ## - PUBLICATION, DISTRIBUTION, ETC.
Date of publication, distribution, etc. 2007
490 #0 - SERIES STATEMENT
Series statement Building Services Journal
Volume/sequential designation July 2007, 60-61(2)
520 ## - SUMMARY, ETC.
Summary, etc. Discusses the growing use of access control systems using internet protocol-based technology, which is now part of the intelligent building revolution. Looks at ethernet card-reading technology and highlights the advantages of Internet Protocol (IP) card readers. Summarises the key developments in access control technology and notes the advantages of linking IP-based access control systems to an IT system. Concludes with a cost analysis and a cost comparison of analogue and IP systems.
590 ## - LOCAL NOTE (RLIN)
Local note KA
651 #4 - SUBJECT ADDED ENTRY--GEOGRAPHIC NAME
Geographic name United Kingdom
Chronological subdivision
690 ## - LOCAL SUBJECT ADDED ENTRY--TOPICAL TERM (OCLC, RLIN)
Topical term or geographic name as entry element Block management
9 (RLIN) 6220
690 ## - LOCAL SUBJECT ADDED ENTRY--TOPICAL TERM (OCLC, RLIN)
Topical term or geographic name as entry element BUILT ENVIRONMENT-BUILDING COSTS
942 ## - ADDED ENTRY ELEMENTS (KOHA)
Suppress in OPAC 0
Holdings
Withdrawn status Lost status Source of classification or shelving scheme Damaged status Not for loan Home library Current library Shelving location Date acquired Total Checkouts Full call number Barcode Date last seen Copy number Price effective from Koha item type
    Dewey Decimal Classification     London London Journal article 17/07/2007   L138850 138850-1001 06/08/2019 1 06/08/2019 Journal article